Találóak-e Hegel Kanttal szembeni ellenvetései a diszkurzusetikára is?

Elmentve itt :
Bibliográfiai részletek
Szerző: Habermas Jürgen
További közreműködők: Forczek Ákos
Dokumentumtípus: Cikk
Megjelent: 2019
Sorozat:Különbség 19 No. 1
Kulcsszavak:Filozófia - német
Tárgyszavak:
Online Access:http://acta.bibl.u-szeged.hu/64753
LEADER 00760nab a2200217 i 4500
001 acta64753
005 20251009111014.0
008 200311s2019 hu o 000 hun d
022 |a 1785-7821 
040 |a SZTE Egyetemi Kiadványok Repozitórium  |b hun 
041 |a hun 
100 1 |a Habermas Jürgen 
245 1 0 |a Találóak-e Hegel Kanttal szembeni ellenvetései a diszkurzusetikára is?  |h [elektronikus dokumentum] /  |c  Habermas Jürgen 
260 |c 2019 
300 |a 11-13 
490 0 |a Különbség  |v 19 No. 1 
650 4 |a Bölcsészettudományok 
650 4 |a Filozófia, etika és vallástudományok 
695 |a Filozófia - német 
700 0 1 |a Forczek Ákos 
856 4 0 |u http://acta.bibl.u-szeged.hu/64753/1/kulonbseg_2019_001_011-013.pdf  |z Dokumentum-elérés